Central Library OPAC University of Rajshahi

Publishing in the U. S. S. R. / (Record no. 19444)

MARC details
000 -LEADER
fixed length control field 00850cam a22002651 4500
001 - CONTROL NUMBER
control field 19444
003 - CONTROL NUMBER IDENTIFIER
rucl marc code BD-RjUL
005 - DATE AND TIME OF LATEST TRANSACTION
control field 20211209000431.0
008 - FIXED-LENGTH DATA ELEMENTS--GENERAL INFORMATION
fixed length control field 140224s1959 un 000 0 eng d
035 ## - SYSTEM CONTROL NUMBER
System control number (BD-RjUL)19504
System control number (OCoLC)14606013
040 ## - CATALOGING SOURCE
Original cataloging agency DLC
Transcribing agency DNLM
Modifying agency ODaWU
-- OCoLC
-- DLC
-- BD-RjUL
Language of cataloging eng
041 ## - LANGUAGE CODE
Language code of text/sound track or separate title eng
060 0# - NATIONAL LIBRARY OF MEDICINE CALL NUMBER
Classification number Z 366
Item number G672p 1959
082 00 - DEWEY DECIMAL CLASSIFICATION NUMBER
Classification number 655.447
Author mark and year GOP 1959
100 1# - MAIN ENTRY--PERSONAL NAME
Personal name Gorokhoff, Boris Ivanovitch,
Dates associated with a name 1917-
9 (RLIN) 59751
245 10 - TITLE STATEMENT
Title Publishing in the U. S. S. R. /
Statement of responsibility, etc. Boris Ivanovitch, Gorokhoff
260 ## - PUBLICATION, DISTRIBUTION, ETC. (IMPRINT)
Place of publication, distribution, etc. Bloomington, Ind.,
Date of publication, distribution, etc. c1959
Name of publisher, distributor, etc. Washington :
300 ## - PHYSICAL DESCRIPTION
Pagination xiii, 306 p. ;
Size 23cm.
490 0# - SERIES STATEMENT
Series statement Indiana University publications. Slavic and East European series,
Volume/sequential designation v. 19
650 #0 - SUBJECT ADDED ENTRY--TOPICAL TERM
Topical term or geographic name as entry element Publishers and publishing
Geographic subdivision Soviet Union.
9 (RLIN) 59752
942 ## - ADDED ENTRY ELEMENTS (KOHA)
Source of classification or shelving scheme Dewey Decimal Classification
Koha item type Books
Holdings
Lost status Source of classification or shelving scheme Damaged status Not for loan Collection code Permanent Location Current Location Shelving location Date acquired Source of acquisition Cost, normal purchase price Total Checkouts Full call number Date last seen Copy number Koha item type
  Dewey Decimal Classification   Not For Loan Non-fiction Central Library, University of Rajshahi Central Library, University of Rajshahi Reading Room 01/11/1962 Zeithlinger. 21.00   655.447 GOP 1959 24/02/2014 C-1 Books